| 000 | 00829nmm a2200265 a 4500 | ||
|---|---|---|---|
| 001 | ocm0001256873 | ||
| 003 | TR-IsHL | ||
| 005 | 20201028160556.0 | ||
| 008 | 160715s[201 tu tur | ||
| 007 | cr cn | ||
| 020 | _a9781329745391 | ||
| 035 |
_a1256873 _b(N$T) |
||
| 050 | 0 | 4 |
_aPL248.D64 _bS5 [2013] |
| 090 | 0 | 4 |
_aPL248.D64 _bS5 [2013] |
| 100 | 1 | _aDoğan, Kasım | |
| 245 | 1 | 0 |
_aSınırların piçi _h[electronic resource] / _cKasım Doğan |
| 260 |
_aİstanbul : _bE-Kitap Projesi, _c[2013] |
||
| 300 | _a196 p. | ||
| 650 | 4 | _aDil ve Edebiyat | |
| 650 | 4 | _aLanguage and Literature | |
| 650 | 0 | _aTürk romanı | |
| 650 | 0 | _aTurkish fiction | |
| 650 | 7 |
_aLITERARY COLLECTIONS / Middle Eastern _2bisacsh |
|
| 856 | 4 | 0 | _uhttp://search.ebscohost.com/login.aspx?direct=true&scope=site&db=e011xww&AN=1256873 |
| 999 |
_c13675 _d13675 |
||